[Event "WY Girls-U12"]
[Site "Porto Carras GRE"]
[Date "2010.10.21"]
[Round "2.2"]
[White "Bulmaga, Elena"]
[Black "Haussernot, Cecile"]
[Result "1-0"]
[BlackTitle "WFM"]
[WhiteElo "1784"]
[BlackElo "2028"]
[WhiteFideId "13900072"]
[BlackFideId "601632"]
[EventDate "2010.10.20"]

1. d4 Nf6 2. c4 e6 3. Nc3 Bb4 4. e3 O-O 5. Ne2 b6 6. a3 Bxc3+ 7. Nxc3 Bb7 8. d5
exd5 9. cxd5 d6 10. g3 Nbd7 11. Bg2 Ba6 12. b4 Bc4 13. Ne2 b5 14. O-O Nb6 15. e4
Re8 16. Bg5 Nbxd5 17. Re1 Bxe2 18. Qxe2 Nb6 19. Bxf6 Qxf6 20. Qxb5 Qe6 21. Rac1
Rac8 22. f4 Red8 23. Qa6 c5 24. b5 Rc7 25. a4 c4 26. a5 Nd7 27. b6 axb6 28. axb6
Rcc8 29. b7 Rb8 30. Rb1 Nc5 31. Qc6 c3 32. Rec1 Qa2 33. Qc7 Qa7 34. Kh1 Nd3 35.
Rf1 Nc5 36. e5 c2 37. Ra1 Na6 38. Qxc2 Qc5 39. Qa4 Nb4 40. Rfc1 Qb6 41. Rab1
Rxb7 42. Rc4 Rdb8 43. exd6 h5 44. d7 Qe3 45. Bxb7 Nd3 46. Rc8+ Kh7 47. Qe4+ 1-0

[Event "WY Girls-U12"]
[Site "Porto Carras GRE"]
[Date "2010.10.27"]
[Round "8.4"]
[White "Derakhshani, Dorsa"]
[Black "Malatsilava, Volha"]
[Result "1-0"]
[WhiteElo "1799"]
[BlackElo "1842"]
[WhiteFideId "12500330"]
[BlackFideId "13508512"]
[EventDate "2010.10.20"]

1. e4 e5 2. Nf3 Nc6 3. d4 exd4 4. Nxd4 Qh4 5. Nc3 Bb4 6. Nb5 Ba5 7. Qf3 a6 8.
Na3 Nf6 9. Bd2 Bxc3 10. Bxc3 Qxe4+ 11. Qxe4+ Nxe4 12. Bxg7 Rg8 13. Bh6 d5 14.
Bf4 Kd8 15. f3 Re8 16. Be3 d4 17. O-O-O Bd7 18. Bxd4 Nxd4 19. Rxd4 Nd6 20. Bd3
h6 21. Nc4 Nb5 22. Rh4 Ke7 23. Rxh6 Rad8 24. Re1+ Be6 25. Bf5 Rh8 26. Rxh8 Rxh8
27. Bxe6 fxe6 28. h3 Kf6 29. c3 Rh7 30. Kd2 c6 31. Rh1 Kf5 32. Ke3 Nc7 33. g4+
Kf6 34. h4 Nd5+ 35. Ke4 Nc7 36. f4 Ne8 37. g5+ Ke7 38. f5 exf5+ 39. Kxf5 Rf7+
40. Kg4 Rg7 41. h5 Nf6+ 42. Kf5 Nd5 43. h6 Rf7+ 44. Ke5 Nf4 45. Ne3 Ng6+ 46. Ke4
Rf4+ 47. Kd3 Ke6 48. h7 Rf8 49. Rh6 Kf7 50. Nf5 Rh8 51. Nh4 Ne7 52. Ke4 a5 53.
a4 b5 54. b3 b4 55. c4 c5 56. Kf4 Kg7 57. Nf5+ Nxf5 58. Kxf5 Rf8+ 59. Rf6 Re8
60. g6 Kh8 61. Re6 Rf8+ 62. Kg5 Rd8 63. Kh6 Re8 1-0

[Event "WY Girls-U12"]
[Site "Porto Carras GRE"]
[Date "2010.10.28"]
[Round "9.8"]
[White "Rosales, Pierina"]
[Black "Liao, Rui"]
[Result "0-1"]
[WhiteTitle "WFM"]
[WhiteElo "1785"]
[BlackElo "1830"]
[WhiteFideId "3800393"]
[BlackFideId "8605637"]
[EventDate "2010.10.20"]

1. d4 d5 2. c4 c6 3. Nf3 Nf6 4. Nc3 e6 5. Bg5 dxc4 6. e4 b5 7. e5 h6 8. Bh4 g5
9. Nxg5 hxg5 10. Bxg5 Nbd7 11. exf6 Bb7 12. g3 Qb6 13. Bg2 c5 14. d5 O-O-O 15.
O-O b4 16. Rb1 Qa6 17. Ne2 Nb6 18. Qc2 exd5 19. Qf5+ Kb8 20. Bf4+ Bd6 21. Bxd6+
Rxd6 22. Qe5 Rd8 23. Nf4 Ka8 24. Qe7 d4 25. Qxf7 Bxg2 26. Nxg2 Nd5 27. h4 Nxf6
28. g4 R6d7 29. Qg6 Rg8 30. Qf5 Rxg4 31. f3 Rg8 32. Qxc5 Rb8 33. Rfd1 Qb5 34.
Qg5 Qxg5 35. hxg5 Nh5 36. Kf2 d3 37. Rbc1 Rc8 38. f4 c3 39. bxc3 bxc3 40. Ke3
Re8+ 41. Kf3 c2 42. Rd2 Rb8 43. f5 Rb1 44. Rcxc2 dxc2 45. Rxc2 Ng7 46. f6 Ne6
47. Kg4 Rb5 48. Rc8+ Kb7 49. Rg8 Rdd5 50. g6 Rg5+ 51. Kh3 Rb1 52. Kh2 Rb2 53. f7
Rbxg2+ 54. Kh1 Rg1+ 55. Kh2 R5g2+ 56. Kh3 Nf4+ 57. Kh4 Rh1# 0-1